| 000 | 00988cab a22002175a 4500 | ||
|---|---|---|---|
| 001 | L138624 | ||
| 008 | 070627e20070622xxko s 000 0 eng d | ||
| 035 | _a(Sirsi) u138624 | ||
| 041 | 0 | _aeng | |
| 100 | 1 | _aKalita, Neal | |
| 245 | 0 | 0 |
_aCost model _bvisitor centres |
| 260 | _c2007 | ||
| 490 |
_aBuilding Magazine _v(25) 22 June 2007, 60-66(7) |
||
| 520 | _aAnalyses aspects of the design and function of visitor centre buildings. They provide an opportunity to make an architectural statement. They are often a portal to an attraction, and can also act as a substitute for it. Therefore style and function need to be reconciled in the development of the building. Planning issues depend upon the type of attraction. A cost model and breakdown is presented. | ||
| 590 | _aKA | ||
| 650 | 2 | 4 | _aPLANNING POLICY STATEMENT 7 (SUSTAINABLE DEVELOPMENT IN RURAL AREAS) |
| 651 | 4 |
_aUnited Kingdom _y |
|
| 690 | _aBUILT ENVIRONMENT-BUILDING COSTS | ||
| 700 | 1 | _aLangdon, Davis | |
| 942 | _n0 | ||
| 999 |
_c78931 _d78931 |
||